LEADER 01738nas 2200541-a 450 001 9910143532903321 005 20240413025712.0 035 $a(DE-599)ZDB2046887-8 035 $a(CKB)111088195251720 035 $a(CONSER)---00215108- 035 $a(EXLCZ)99111088195251720 100 $a20000427a19989999 --- a 101 0 $aeng 181 $ctxt$2rdacontent 182 $cc$2rdamedia 183 $acr$2rdacarrier 200 00$aGene therapy & molecular biology 210 $aPalo Alto, CA $cGene Therapy Press$dİ1998- 215 $a1 online resource 300 $aRefereed/Peer-reviewed 311 08$aPrint version: Gene therapy & molecular biology. 1529-9120 (DLC) 00215108 (OCoLC)43938044 517 1 $aGene therapy and molecular biology 531 $aGENE THERAPY AND MOLECULAR BIOLOGY 531 $aGENE THER MOL BIOL 531 $aGENE THER. MOL. BIOL 531 0 $aGene ther. mol. biol. 606 $aGene therapy$vPeriodicals 606 $aMolecular biology$vPeriodicals 606 $aGenetic Therapy 606 $aMolecular Biology 606 $aGene therapy$2fast$3(OCoLC)fst00939638 606 $aMolecular biology$2fast$3(OCoLC)fst01024734 608 $aConference Proceedings. 608 $aPeriodical. 608 $aPeriodicals.$2fast 615 0$aGene therapy 615 0$aMolecular biology 615 12$aGenetic Therapy. 615 22$aMolecular Biology. 615 7$aGene therapy. 615 7$aMolecular biology. 676 $a619 712 12$aGene Therapy and Molecular Biology International Conference. 906 $aJOURNAL 912 $a9910143532903321 920 $aexl_impl conversion 996 $aGene therapy & molecular biology$92225164 997 $aUNINA